00638nam a22001937a 450000500170000002000180001704100080003508200170004310000170006024500400007726000360011730000460015350400190019965000290021865000200024794200120026799900170027995201480029620260502160141.0 a9788131516874 aENG a658.15bPAU  aPaul, Justin aManagerial economics /cJustin Paul aNew Delhi :bCengage , c2012.  axii, 295 pages :billustrations ;c24 cm. aInclude index. aBusiness decision making aDemand analysis 2ddccBK c24330d24330 00102ddc4070aIPEbIPEcS Campusd2026-05-02eGifted by S. Sathish Kumarg925.00l0o658.15 PAU p51043r2026-05-02 16:02:48w2026-05-02yBK